| 000 | 00455pab a2200157 454500 | ||
|---|---|---|---|
| 008 | 180718b2010 xxu||||| |||| 00| 0 eng d | ||
| 100 | _aTeram, Eli | ||
| 245 | _aOrganizational change within morally ambiguous contexts: a case study of conflicting postmerger discourses | ||
| 260 | _c2010 | ||
| 300 | _ap.38-54. | ||
| 362 | _aMar | ||
| 650 | _aOrganizational change | ||
| 773 | _aJournal of Applied Behavioral Science | ||
| 908 | _aN | ||
| 909 | _a86289 | ||
| 999 |
_c86289 _d86289 |
||